|
|
|
|
| LEADER |
01273nam a2200289 a 4500 |
| 001 |
3059581 |
| 008 |
090628r20011993enka b 000 0 eng d |
| 010 |
|
|
|a 96139607
|
| 020 |
|
|
|a 0714834572
|
| 040 |
|
|
|a WaU
|c WaU
|d IU
|d MBU
|d DLC
|
| 082 |
0 |
0 |
|a 720/.92/2
|2 20
|
| 245 |
0 |
0 |
|a Structure, space, and skin :
|b the work of Nicholas Grimshaw & Partners /
|c introduced by Kenneth Powell ; edited by Rowan Moore.
|
| 260 |
|
|
|a London :
|b Phaidon,
|c 1993.[Reprinted 2001]
|
| 300 |
|
|
|a 255 p. :
|b chiefly ill. (some col.) ;
|c 26 cm.
|
| 500 |
|
|
|a "This book ... deals with our work from 1988 to 1993"--P. [7].
|
| 500 |
|
|
|a Originally published: 1993.
|
| 504 |
|
|
|a Includes bibliographical references (p. 254-255).
|
| 541 |
1 |
|
|e 00012595
|
| 610 |
2 |
0 |
|a Nicholas Grimshaw and Partners.
|
| 600 |
1 |
0 |
|a Grimshaw, Nicholas,
|d 1939-
|
| 650 |
|
0 |
|a Architectural firms
|z England
|z London.
|
| 650 |
|
0 |
|a Architecture, Postmodern
|z Europe.
|
| 650 |
|
0 |
|a Architectural practice, International.
|
| 700 |
1 |
|
|a Moore, Rowan.
|
| 852 |
4 |
|
|a Ayesha Abed Library
|j General shelf
|
| 999 |
|
|
|c 1769
|d 1769
|
| 952 |
|
|
|0 0
|1 0
|2 ddc
|4 1
|6 720_922000000000000_STR
|7 0
|9 1620
|a BRACUL
|b BRACUL
|c GEN
|d 2009-06-29
|g 2949.00
|l 14
|m 75
|o 720.922 STR
|p 3010012595
|r 2025-11-18
|s 2025-10-11
|t 1
|w 2009-06-29
|y BK
|x Damages declared on 18/11/2025
|